|
|
|
|
| LEADER |
00784nab#a2200301#ar4500 |
| 001 |
000079950 |
| 003 |
SVKKK |
| 005 |
20070329085812.0 |
| 008 |
040621c2005 xo e slo |
| FMT |
|
|
|
| 038 |
|
|
|a SVKKK
|
| 040 |
|
|
|a SVKKK
|b slo
|e AACR2
|
| 041 |
0 |
|
|a slo
|
| 044 |
|
|
|a xo
|c SK
|
| 080 |
|
|
|a 377.35
|2 1997
|
| 100 |
1 |
|
|a Čonka, Roman
|4 aut
|
| 245 |
1 |
0 |
|a Celoslovenská súťaž zručnosti odborných učilíšť
|c Roman Čonka ; Jozef Ferenc
|
| 300 |
|
|
|b Fotogr.
|
| 610 |
2 |
4 |
|a Odborné učilište internátne (Prakovce, Slovensko)
|x súťaže
|x strojár
|
| 700 |
1 |
|
|a Ferenc, Jozef
|4 pht
|
| 773 |
0 |
|
|t Romano nevo ľil
|g Roč. 15, č. 688-694 (2005), s. 9
|
| 958 |
|
|
|a RQ
|
| 974 |
|
|
|a Fav
|
| 992 |
|
|
|a RBX
|
| BAS |
|
|
|
| 852 |
|
|
|a SVKKK
|b BIB
|
| EXP |
|
|
|
| 998 |
|
|
|a ROM
|